| 000 | 00562nam a2200229Ia 4500 | ||
|---|---|---|---|
| 001 | 18436 | ||
| 003 | GE_BSU | ||
| 008 | 181216s||||||||xx |||||||||||||| ||und|| | ||
| 020 | _a9780273756651 | ||
| 040 | _cGE_BSU | ||
| 080 | _a331.4 | ||
| 100 | _aScherer, Andrew | ||
| 245 | _aBrilliant intern | ||
| 245 | _bHow to get best internships and make them count | ||
| 260 | _aHarlow | ||
| 260 | _bPearson | ||
| 260 | _c2012 | ||
| 300 | _a196p. 22 cm. | ||
| 653 | _aBrilliant intern | ||
| 653 | _aHow to get best internships and make them count | ||
| 942 | _cBK | ||
| 999 |
_c51450 _d51450 |
||